000 00499nam a22001817a 4500
999 _c5337
_d5337
003 GBCCL
005 20241126110539.0
008 180315b ||||| |||| 00| 0 eng d
040 _cgbc
082 _a234.23
_bRHO
100 _aRhoton, Dale
_99624
245 _aThe Logic of Faith:
_bAn examination of the claims of Jesus Christ /
_cDale Rhoton
250 _a3rd Ed.
260 _aBombay:
_bGospel Literature Service,
_c1981
300 _a104 p.;
_c18 cm.
650 _aFaith
_92645
942 _2ddc
_cBK